000 00701nam a2200289Ia 4500
005 20260324121147.0
008 008 260324s9999 xx 000 0 eng d
020 _a9781315848624
037 _aEBOOK
040 _aCRL
040 _beng
040 _cCRL
041 _2eng
041 _aeng
084 _qCRL
100 _aVivian Maria Vasquez
_91161423
245 0 _aNegotiating Critical Literacies with Young Children
245 0 _b10th Anniversary Edition
260 _bTaylor and Francis
260 _c2014
365 _a
365 _b255
856 _uhttp://www.taylorfrancis.com/books/9781315848624
942 _cEBOOK
999 _c1753351
_d1753351